000 01001nas a2200313 4500
001 BR2013004920
003 BR-BrBNA
005 20231205122522.0
007 ta
008 230509b bl.|||p| |||| 00| 00por d
040 _aBR-BrBNA
_bpor
_cBiblioteca Nacional de Agricultura
041 _a(Pt)
072 _aF04; P34
100 1 _aBehling, M.
100 1 _aDias, F. de C.
100 1 _aAmaral Sobrinho, N.M.B. do
100 1 _aOliveira, C. de
100 1 _aMazur, N.
245 1 _aNodulação, acúmulo de nitrogênio no solo e na planta, e produtividade de soja em solo tratado com lodo de estação de tratamento de resíduos industriais
650 _aSOJA
650 _aFIXAÇÃO DE NITROGÊNIO
650 _aNODULAÇÃO
650 _aLODO RESIDUAL
650 _aFERTILIZANTE
650 _aPRODUTIVIDADE
773 0 _tBragantia (Brazil)
_xISSN 0006-8705
_g(Abr-Jun 2009), v. 68(2) p. 453-462
_wBR2013004920
909 _a202311
_bLúcia
_c55
_dLúcia Elande
942 _2AGRIS
_n0
_cANA
999 _c229080
_d229080